LEADER 01056nam0 2200277 450 001 000015289 005 20120402204837.0 010 $a978-88-85333-82-6 100 $a20080813d2008----km-y0itay50------ba 101 0 $aita 102 $aIT 105 $ay-------001yy 200 1 $aOsservazioni sul problema delle valutazioni di bilancio nella dottrina italiana$edal "valore di scambio" al "valore funzionale"$fEnrico Gonnella 210 $a[Roma]$cRIREA$hstampa 2008 215 $a62 p.$d24 cm 225 2 $aQMR(Quaderni Monografici Rirea)$v66 300 $aAllegato alla Rivista italiana di Ragioneria e di Economia Aziendale 2008(n. sist. 000001925) 410 0$12001$aQMR(Quaderni Monografici Rirea) 610 1 $aContabilità aziendale 676 $a658.51$v21 700 1$aGonnella,$bEnrico$0541603 801 0$aIT$bUNIPARTHENOPE$c20080813$gRICA$2UNIMARC 912 $a000015289 951 $aQMR 657/66$b43703$cNAVA1$d2008 996 $aOsservazioni sul problema delle valutazioni di bilancio nella dottrina italiana$91202753 997 $aUNIPARTHENOPE LEADER 00971nam0-22003251i-450- 001 990000479600403321 005 20080424121038.0 010 $a8044-4950-3$bv. 1 010 $a8044-4951-1$bv. 2 035 $a000047960 035 $aFED01000047960 035 $a(Aleph)000047960FED01 035 $a000047960 100 $a20020821d1970----km-y0itay50------ba 101 1 $aeng$cger 105 $aa-------001yy 200 1 $aAlgebra$fB. L. van der Waerden$gin part based on lectures by E. Artin and E. Noether$gtranslated by Fred Blum and John R. Schulenberger 210 $aNew York$cFrederick Ungar$d©1970 215 $a2 v.$cill.$d24 cm 610 0 $aAlgebra 676 $a512 700 1$aVan Der waerden,$bB.l.$026226 801 0$aIT$bUNINA$gRICA$2UNIMARC 901 $aBK 912 $a990000479600403321 952 $a10 B II 218$b10341$fDINEL 952 $a10 B II 219$b10342$fDINEL 959 $aDINEL 996 $aModerne Algebra$928791 997 $aUNINA